Derecho comercial : (Registro nro. 41039)

Detalles MARC
000 -LEADER
fixed length control field 01695nam a2200313 4500
001 - CONTROL NUMBER
control field 0000035579
003 - CONTROL NUMBER IDENTIFIER
control field CO-CtgCURN
005 - DATE AND TIME OF LATEST TRANSACTION
control field 20250429224144.0
007 - PHYSICAL DESCRIPTION FIXED FIELD--GENERAL INFORMATION
fixed length control field ta
008 - FIXED-LENGTH DATA ELEMENTS--GENERAL INFORMATION
fixed length control field 100608s2013 001 0 eng d
020 ## - INTERNATIONAL STANDARD BOOK NUMBER
International Standard Book Number 9789583509353
040 ## - CATALOGING SOURCE
Original cataloging agency CO-CtgCURN
Language of cataloging spa
Transcribing agency coctgcurn
082 0# - DEWEY DECIMAL CLASSIFICATION NUMBER
Classification number 347.9
Item number M491
100 1# - MAIN ENTRY--PERSONAL NAME
Personal name Medina Vergara, Jairo.
245 10 - TITLE STATEMENT
Title Derecho comercial :
Remainder of title Parte general /
Statement of responsibility, etc. Jairo Medina Vergara.
250 ## - EDITION STATEMENT
Edition statement 5 ed.
260 ## - PUBLICATION, DISTRIBUTION, ETC.
Place of publication, distribution, etc. Bogotá :
Name of publisher, distributor, etc. Editorial Temis,
Date of publication, distribution, etc. 2013.
300 ## - PHYSICAL DESCRIPTION
Extent 496 p.
336 ## - CONTENT TYPE
Source rdacontent
337 ## - MEDIA TYPE
Source rdamedia
Media type term sin mediacion
Media type code n
338 ## - CARRIER TYPE
Source rdacarrier
Carrier type term volumen
Carrier type code nc
505 8# - FORMATTED CONTENTS NOTE
Formatted contents note Introducción y antecedentes historicos.-- Historia del derecho comercial en colombia.-- El derecho comercial y su relacion con otras ramas del derecho.-- Derecho mercantil y ciencia del derecho mercantil.-- Fuentes del derecho mercantil de los comerciantes.-- Teoria de la empresa. el establecimiento de comercio.-- Teoria de la empresa. operaciones sobre el local de negocio y el establecimiento de comercio.-- Teoria de la empresa. la empresa mercantil.-- Teoria de los actos y operaciones mercantiles.-- Comercio electronico.-- Derecho de la competencia.-- El registro mercantil.-- Los libros de comercio.-- Las camaras de comercio.-- Regimen de la insolvencia empresarial.-- La justicia comercial. solucion de conflictos
650 14 - SUBJECT ADDED ENTRY--TOPICAL TERM
Topical term or geographic name entry element Derecho comercial
General subdivision Historia
Geographic subdivision Colombia.
650 14 - SUBJECT ADDED ENTRY--TOPICAL TERM
Topical term or geographic name entry element Derecho comercial
General subdivision Legislacion
Geographic subdivision Colombia.
650 14 - SUBJECT ADDED ENTRY--TOPICAL TERM
Topical term or geographic name entry element Derecho comercial
Geographic subdivision Colombia.
942 ## - ADDED ENTRY ELEMENTS (KOHA)
Koha item type Libros
Classification part 347.9
Item part M491
Source of classification or shelving scheme Dewey Decimal Classification
Existencias
Withdrawn status Lost status Source of classification or shelving scheme Damaged status Not for loan Collection Home library Current library Shelving location Date acquired Inventory number Total checkouts Full call number Barcode Date last seen Date last checked out Copy number Price effective from Koha item type Public note
    Dewey Decimal Classification     General Miguel Henríquez Castañeda Miguel Henríquez Castañeda General 04/29/2025 018139 1 347.9 M491 018139 08/19/2025 08/13/2025 ej.1 04/29/2025 Libros 340-DEREC
    Dewey Decimal Classification     General Miguel Henríquez Castañeda Miguel Henríquez Castañeda General 04/29/2025 018140   347.9 M491 018140 04/29/2025   ej.2 04/29/2025 Libros 340-DEREC